Video Games - Lana Del Rey (All Lyrics) - Statistics

General Stats
  • This quiz has been taken 5,909 times
  • The average score is 283 of 352
Answer Stats
Lyrics % Correct
I
99%
a
98%
you
98%
you,
98%
you.
98%
the
97%
video
97%
Video
97%
game.
96%
do.
95%
for
95%
He
95%
all
94%
It's
94%
it's
94%
ever
93%
is
93%
play
93%
in
92%
me
92%
Everything
91%
on.
91%
on
91%
place
90%
tell
90%
Tell
90%
heaven
89%
earth
88%
that
88%
time
88%
to
88%
with
88%
things
86%
want
85%
your
85%
my
84%
true?
83%
and
81%
say
81%
car.
80%
like
79%
up
79%
bad
77%
girls,
77%
honey,
77%
name.
76%
backyard.
75%
fast
75%
knew.
75%
even
74%
get
74%
better
73%
two.
73%
beer
72%
Pull
72%
than
72%
world
72%
games.
71%
heard
71%
Swinging
71%
They
71%
was
71%
here
69%
over
69%
built
68%
dress,
68%
his
68%
now
67%
Now
67%
Open
67%
watching
67%
Watching
67%
big
66%
sun
66%
Baby
65%
I'm
65%
undressed.
65%
favorite
64%
Go
64%
Playing
64%
kiss.
63%
Whistling
63%
bestest
62%
living
60%
Living
60%
Take
60%
loving
59%
somebody
59%
downtown.
57%
if
56%
body
55%
of.
55%
of
55%
perfume
54%
This
54%
Lean
52%
Only
52%
Put
52%
stars.
50%
arms.
49%
old
49%
Old
49%
worth
48%
think
45%
am
44%
Drunk
44%
holds
44%
seeing
43%
fame.
42%
fun.
41%
idea
41%
friends
38%
our
37%
out
37%
blue
34%
fall
34%
Singing
33%
dark.
30%
bars.
29%
wild
29%
pool
26%
darts.
24%
Kissing
24%
Paul's.
15%
No matching quizzes found
Score Distribution
Percent of People with Each Score
Percentile by Number Answered
Your Score History
You have not taken this quiz